| 000 | 00387nam a2200133Ia 4500 | ||
|---|---|---|---|
| 008 | 210430s9999 xx 000 0 und d | ||
| 020 | _a0-333-48887-.3 | ||
| 082 | _a621.38043 L9871A | ||
| 100 |
_aLynn Paul A _953487 |
||
| 245 | 3 |
_aAn Introduction to The Analysis And Processing Of Signals _cLynn Paul A |
|
| 260 |
_aLondon. _bPull A, Lynn. _c1989 |
||
| 300 | _a263p. | ||
| 942 |
_cBK _2ddc |
||
| 999 |
_c563505 _d563505 |
||